LEADER 01071nam 2200349 450 001 9910145921803321 005 20010202000000.0 035 $a(CKB)1000000000278986 035 $a(ItFiC)it 02252021 035 $a(EXLCZ)991000000000278986 100 $a20050504d2000 uy 0 101 0 $aita 200 00$aDante e il giubileo $eatti del Convegno, Roma, 29-30 novembre 1999 /$fa cura di Enzo Esposito 210 $aFirenze $cL. S. Olschki$d2000 215 $a223 p., [2] leaves of plates $cill 225 0$aDantologia / Centro bibliografico dantesco ;$v2 300 $aProceedings. 300 $aDante Alighieri (1265-1321). 311 $a88-222-4968-2 320 $aIncludes bibliographical references. 606 $aHoly year, 1300$vCongresses 607 $aItaly$xHistory$y1268-1492$vCongresses 615 0$aHoly year, 1300 676 $a851 676 $a945 676 $a263 701 $aEsposito$b Enzo$07825 801 0$bItFiC 906 $aBOOK 912 $a9910145921803321 996 $aDante e il Giubileo$9902726 997 $aUNINA